[Event "Titled Tuesday intern op 16th Jan Early"]
[Site "Chess.com INT"]
[Date "2024.01.16"]
[Round "9"]
[White "Darmanto, Heri"]
[Black "Bodicky, Michal"]
[Result "0-1"]
[WhiteElo "1562"]
[BlackElo "2207"]
[PlyCount "90"]
[EventDate "2024.01.16"]
[EventType "swiss (blitz)"]
[EventRounds "11"]
[EventCountry "USA"]
[SourceTitle "CB04_2024"]
[SourceDate "2023.10.16"]
[SourceVersion "1"]
[SourceVersionDate "2023.10.16"]
[SourceQuality "1"]

1. e4 c5 2. Nf3 d6 3. d4 cxd4 4. Nxd4 Nf6 5. Nc3 Nc6 6. f3 e5 7. Nb3 Be6 8. Be3 d5 9. exd5 Nxd5 10. Nxd5 Qxd5 11. Qxd5 Bxd5 12. 0-0-0 0-0-0 13. c4 Be6 14. Rxd8+ Nxd8 15. Bxa7 Nc6 16. Bc5 Kc7 17. Be2 g6 18. Rd1 Bh6+ 19. Kb1 Bf5+ 20. Ka1 Ra8 21. g4 Bc2 22. Bd6+ Kc8 23. Nc5 Bxd1 24. Bxd1 Bf4 25. h3 Nd4 26. a3 b6 27. Ne4 f5 28. Nf6 Ra7 29. Ka2 Rf7 30. Nd5 Kb7 31. Nxf4 exf4 32. Bxf4 fxg4 33. Be3 Nf5 34. Bf2 gxh3 35. Bg1 Nd4 36. Bxd4 h2 37. Bc2 h1Q 38. Be4+ Ka7 39. c5 bxc5 40. Bxc5+ Kb8 41. a4 Qd1 42. Ka3 Rxf3+ 43. Bxf3 Qxf3+ 44. Kb4 Kb7 45. a5 Ka6 0-1

[Event "Titled Tuesday intern op 16th Jan Early"]
[Site "Chess.com INT"]
[Date "2024.01.16"]
[Round "4"]
[White "Toktomushev, Teimur"]
[Black "Bodicky, Michal"]
[Result "1-0"]
[WhiteElo "2249"]
[BlackElo "2207"]
[PlyCount "63"]
[EventDate "2024.01.16"]
[EventType "swiss (blitz)"]
[EventRounds "11"]
[EventCountry "USA"]
[SourceTitle "CB04_2024"]
[SourceDate "2023.10.16"]
[SourceVersion "1"]
[SourceVersionDate "2023.10.16"]
[SourceQuality "1"]

1. d4 Nf6 2. c4 e6 3. Nf3 d5 4. Nc3 Bb4 5. Qa4+ Nc6 6. e3 0-0 7. Qc2 b6 8. Bd2 Ba6 9. Qa4 Bb7 10. Bd3 dxc4 11. Bxc4 Qe7 12. 0-0 a5 13. Ne2 Bxd2 14. Nxd2 e5 15. d5 Nb4 16. e4 Na6 17. Qc2 Nd7 18. Ng3 g6 19. Rac1 Nac5 20. a3 a4 21. Qd1 Kh8 22. Qg4 f5 23. exf5 Nf6 24. Qh3 Bc8 25. Rce1 Qd6 26. f4 e4 27. Ngxe4 Ncxe4 28. Nxe4 Nxe4 29. Rxe4 Bxf5 30. Qc3+ Qf6 31. Re5 Rae8 32. Rxe8 1-0

[Event "Prague Golden Rapid op"]
[Site "Prague"]
[Date "2023.06.17"]
[Round "1"]
[White "Bodicky, Michal"]
[Black "Cintl, Jakub"]
[Result "1-0"]
[WhiteElo "2012"]
[BlackElo "1385"]
[PlyCount "69"]
[EventDate "2023.06.17"]
[EventType "swiss (rapid)"]
[EventRounds "9"]
[EventCountry "CZE"]
[SourceTitle "CBM 215 Extra"]
[Source "ChessBase"]
[SourceDate "2023.09.30"]
[SourceVersion "1"]
[SourceVersionDate "2023.09.30"]
[SourceQuality "1"]

1. d4 Nf6 2. Bg5 d6 3. Bxf6 exf6 4. e3 Nc6 5. c4 g6 6. Nc3 Bg7 7. g3 0-0 8. Bg2 Bd7 9. Nge2 Na5 10. Qd3 Rb8 11. 0-0 a6 12. b4 Nc6 13. Rab1 b5 14. cxb5 axb5 15. Nf4 Re8 16. Rfc1 Ne7 17. d5 g5 18. Nfe2 Bf5 19. e4 Bg6 20. Nd4 f5 21. exf5 Nxf5 22. Nxf5 Qf6 23. g4 h5 24. Ne4 Qe5 25. Rxc7 hxg4 26. Nxg7 Kxg7 27. Re1 Kg8 28. Qg3 Qxg3 29. hxg3 f5 30. Nf6+ Kf8 31. Nd7+ Kg8 32. Nf6+ Kf8 33. Nxe8 Rxe8 34. Rxe8+ Bxe8 35. Bf1 1-0

[Event "Prague Golden Rapid op"]
[Site "Prague"]
[Date "2023.06.17"]
[Round "8"]
[White "Fiser, Jiri1111"]
[Black "Bodicky, Michal"]
[Result "0-1"]
[WhiteElo "1778"]
[BlackElo "2012"]
[PlyCount "62"]
[EventDate "2023.06.17"]
[EventType "swiss (rapid)"]
[EventRounds "9"]
[EventCountry "CZE"]
[SourceTitle "CBM 215 Extra"]
[Source "ChessBase"]
[SourceDate "2023.09.30"]
[SourceVersion "1"]
[SourceVersionDate "2023.09.30"]
[SourceQuality "1"]

1. e4 d6 2. d4 Nf6 3. Nc3 e5 4. Nf3 Nbd7 5. Be2 Be7 6. g4 h6 7. Rg1 c6 8. h4 b5 9. g5 hxg5 10. hxg5 Ng8 11. dxe5 dxe5 12. a3 Bc5 13. b4 Bb6 14. Be3 Ne7 15. a4 Bxe3 16. fxe3 bxa4 17. b5 Bb7 18. bxc6 Bxc6 19. Bb5 Bxb5 20. Nxb5 Qa5+ 21. Kf2 Qxb5 22. Qd6 Qc6 23. Rad1 Qxd6 24. Rxd6 Rc8 25. Rgd1 Nb6 26. Nxe5 Rxc2+ 27. Kg3 0-0 28. Rh1 Rc5 29. Nf3 Ng6 30. Rd2 Nc4 31. Re2 Re8 0-1

[Event "Prague Golden op"]
[Site "Prague"]
[Date "2021.07.14"]
[Round "5"]
[White "Bodicky, Michal"]
[Black "Popov, Roman4444"]
[Result "1-0"]
[WhiteElo "2099"]
[BlackElo "1662"]
[PlyCount "49"]
[EventDate "2021.07.10"]
[EventType "swiss"]
[EventRounds "9"]
[EventCountry "CZE"]
[SourceTitle "CBM 203 Extra"]
[Source "ChessBase"]
[SourceDate "2021.09.30"]
[SourceVersion "1"]
[SourceVersionDate "2021.09.30"]
[SourceQuality "1"]

1. Nf3 d5 2. g3 Nf6 3. Bg2 c6 4. 0-0 Bg4 5. c4 e6 6. Ne5 Bf5 7. d4 Bd6 8. Nc3 0-0 9. Bg5 h6 10. Bxf6 Qxf6 11. f4 dxc4 12. e4 Bh7 13. Nxc4 Bb4 14. e5 Qf5 15. Ne4 h5 16. Qb3 c5 17. a3 Nc6 18. axb4 Nxd4 19. Qd1 Rfd8 20. bxc5 Qg6 21. Ned6 Nf5 22. Bxb7 Nxg3 23. hxg3 Qxg3+ 24. Bg2 h4 25. Ra3 1-0

[Event "CZE-chT2A 1920"]
[Site "Czech Republic"]
[Date "2020.06.28"]
[Round "11.1"]
[White "Eret, Matous"]
[Black "Bodicky, Michal"]
[Result "1/2-1/2"]
[WhiteElo "2166"]
[BlackElo "2095"]
[PlyCount "34"]
[EventDate "2019.10.13"]
[EventType "team-tourn"]
[EventRounds "11"]
[EventCountry "CZE"]
[SourceTitle "EXT 2024"]
[Source "ChessBase"]
[SourceDate "2023.10.10"]
[SourceVersion "1"]
[SourceVersionDate "2023.10.10"]
[SourceQuality "1"]
[WhiteTeam "Klatovy"]
[BlackTeam "Pribram Banik"]
[WhiteTeamCountry "CZE"]
[BlackTeamCountry "CZE"]

1. Nf3 Nf6 2. d3 Nc6 3. Nbd2 d5 4. e4 e5 5. c3 Be7 6. Be2 a5 7. a4 0-0 8. 0-0 h6 9. Qc2 Be6 10. exd5 Qxd5 11. Nc4 Rfd8 12. Be3 Bf5 13. Qb3 Bxd3 14. Bxd3 Qxd3 15. Ncxe5 Nxe5 16. Nxe5 Qd5 17. Qxd5 Rxd5 1/2-1/2

[Event "CZE-chT2A 1819"]
[Site "Czech Republic"]
[Date "2019.03.17"]
[Round "10.1"]
[White "Jansa, Vlastimil"]
[Black "Bodicky, Michal"]
[Result "1-0"]
[WhiteElo "2433"]
[BlackElo "2047"]
[PlyCount "119"]
[EventDate "2018.10.14"]
[EventType "team-tourn"]
[EventRounds "11"]
[EventCountry "CZE"]
[SourceTitle "EXT 2022"]
[Source "ChessBase"]
[SourceDate "2021.10.06"]
[SourceVersion "1"]
[SourceVersionDate "2021.10.06"]
[SourceQuality "1"]
[WhiteTeam "Pisek"]
[BlackTeam "Pribram Banik"]
[WhiteTeamCountry "CZE"]
[BlackTeamCountry "CZE"]

1. e4 c5 2. Nf3 Nc6 3. Bb5 g6 4. 0-0 Bg7 5. c3 d5 6. Qa4 dxe4 7. Bxc6+ bxc6 8. Qxc6+ Bd7 9. Qxe4 Nf6 10. Qe2 0-0 11. Na3 Bg4 12. h3 Bf5 13. d4 Re8 14. Be3 Be4 15. Rfd1 cxd4 16. Nxd4 Qc8 17. Rd2 Bb7 18. Rad1 Ne4 19. Rc2 e5 20. Nb3 Bf8 21. c4 a5 22. Nb5 a4 23. Nd2 Nc5 24. Nb1 Qc6 25. Qf1 Rad8 26. Rcd2 Rxd2 27. Rxd2 Ne4 28. Rd5 Qf6 29. Rd1 Rc8 30. N1c3 Nxc3 31. Nxc3 Qa6 32. b3 axb3 33. axb3 Qa3 34. Rb1 Rd8 35. Qe2 Qa5 36. Qc2 Qa8 37. f3 Qa5 38. Rd1 Rxd1+ 39. Nxd1 Qe1+ 40. Kh2 e4 41. f4 Bb4 42. c5 Bc6 43. Qc4 Bd2 44. Qd4 Bxe3 45. Nxe3 Qf2 46. Qd8+ Kg7 47. Qd4+ Kg8 48. f5 Qf4+ 49. Kg1 gxf5 50. Nc4 Qc1+ 51. Kh2 Qf4+ 52. g3 Qf1 53. Qd8+ Kg7 54. Qg5+ Kf8 55. Qe3 Bd5 56. Nd6 Bxb3 57. c6 Qd1 58. Qh6+ Kg8 59. Qg5+ Kh8 60. Qd8+ 1-0

[Event "CZE-chT2A 1819"]
[Site "Czech Republic"]
[Date "2018.11.18"]
[Round "3.1"]
[White "Biolek, Richard Jr"]
[Black "Bodicky, Michal"]
[Result "1/2-1/2"]
[WhiteElo "2455"]
[BlackElo "2047"]
[PlyCount "58"]
[EventDate "2018.10.14"]
[EventType "team-tourn"]
[EventRounds "11"]
[EventCountry "CZE"]
[SourceTitle "EXT 2022"]
[Source "ChessBase"]
[SourceDate "2021.10.06"]
[SourceVersion "1"]
[SourceVersionDate "2021.10.06"]
[SourceQuality "1"]
[WhiteTeam "Ricany"]
[BlackTeam "Pribram Banik"]
[WhiteTeamCountry "CZE"]
[BlackTeamCountry "CZE"]

1. e4 c5 2. Nf3 Nc6 3. Bb5 g6 4. Bxc6 dxc6 5. d3 Bg7 6. h3 b6 7. 0-0 e5 8. a4 a5 9. Na3 Ne7 10. Nc4 Qc7 11. Bd2 0-0 12. Qe2 f6 13. Nh2 g5 14. Ne3 Be6 15. g4 Ng6 16. Nf5 Rfd8 17. Rfd1 Rd7 18. Nf1 Rad8 19. b3 Nf4 20. Qf3 Bf8 21. Kh2 Bxf5 22. gxf5 Kh8 23. Ng3 Bd6 24. Nh5 Rf7 25. Rg1 Qe7 26. Bc3 Rg8 27. Rae1 Bc7 28. Kh1 Rff8 29. Kh2 Rf7 1/2-1/2

[Event "Rakovnik Regional-chT 1415"]
[Site "Rakovnik"]
[Date "2015.03.01"]
[Round "9.1"]
[White "Vanka, Miloslav"]
[Black "Bodicky, Michal"]
[Result "0-1"]
[WhiteElo "2164"]
[BlackElo "1970"]
[PlyCount "83"]
[EventDate "2014.10.19"]
[EventType "team-tourn"]
[EventRounds "11"]
[EventCountry "CZE"]
[SourceTitle "EXT 2016"]
[Source "ChessBase"]
[SourceDate "2015.10.08"]
[SourceVersion "1"]
[SourceVersionDate "2015.10.08"]
[SourceQuality "1"]
[WhiteTeam "Uholicky"]
[BlackTeam "Pribram Pyrit"]
[WhiteTeamCountry "CZE"]
[BlackTeamCountry "CZE"]

1. e4 c5 2. Nc3 Nc6 3. f4 d6 4. Nf3 g6 5. Bc4 Bg7 6. f5 Nf6 7. d3 gxf5 8. 0-0 fxe4 9. dxe4 Bg4 10. Qe1 Qd7 11. Be3 Be6 12. Bb5 a6 13. Bxc6 Qxc6 14. e5 Nd5 15. exd6 exd6 16. Nxd5 Qxd5 17. Rd1 Qc6 18. Qg3 Bf8 19. Bg5 Rg8 20. Qh4 h6 21. Bf6 Rg4 22. Qh5 Qe4 23. Rde1 Qg6 24. Qd5 Qxf6 25. Qxb7 Rd8 26. Qc6+ Rd7 27. Ne5 Qxf1+ 28. Kxf1 dxe5 29. Rxe5 Bd6 30. Qc8+ Ke7 31. Re3 Rg6 32. g3 a5 33. c4 Rd8 34. Qb7+ Kf8 35. b3 Be7 36. Re2 Bh3+ 37. Kf2 Rf6+ 38. Ke3 Re6+ 39. Kf2 Rf6+ 40. Ke3 Rf1 41. Rf2 Bg5+ 42. Ke2 0-1

[Event "Rakovnik Regional-chT 1415"]
[Site "Rakovnik"]
[Date "2014.10.19"]
[Round "1.1"]
[White "Bodicky, Michal"]
[Black "Hanl, Frantisek"]
[Result "1/2-1/2"]
[WhiteElo "1970"]
[BlackElo "1924"]
[PlyCount "34"]
[EventDate "2014.10.19"]
[EventType "team-tourn"]
[EventRounds "11"]
[EventCountry "CZE"]
[SourceTitle "EXT 2016"]
[Source "ChessBase"]
[SourceDate "2015.10.08"]
[SourceVersion "1"]
[SourceVersionDate "2015.10.08"]
[SourceQuality "1"]
[WhiteTeam "Pribram Pyrit"]
[BlackTeam "Kralupy nad Vltavou"]
[WhiteTeamCountry "CZE"]
[BlackTeamCountry "CZE"]

1. Nf3 Nf6 2. d4 e6 3. Bg5 Be7 4. c4 b6 5. Nc3 Bb7 6. e3 Ne4 7. Bxe7 Qxe7 8. Qc2 d5 9. Bd3 Nxc3 10. Qxc3 0-0 11. cxd5 exd5 12. Qc2 g6 13. 0-0 c5 14. Rac1 Nc6 15. Qd2 Rac8 16. Rfe1 Rfd8 17. Bb1 Qd6 1/2-1/2